<?xml version="1.0" encoding="UTF-8"?>
<record
    xmlns:xsi="http://www.w3.org/2001/XMLSchema-instance"
    xsi:schemaLocation="http://www.loc.gov/MARC21/slim http://www.loc.gov/standards/marcxml/schema/MARC21slim.xsd"
    xmlns="http://www.loc.gov/MARC21/slim">

  <leader>01068na  a2200265   4500</leader>
  <controlfield tag="001">20481</controlfield>
  <controlfield tag="003">MIRAKIL</controlfield>
  <controlfield tag="005">20181213154850.0</controlfield>
  <controlfield tag="008">170120b        tu            000 0      </controlfield>
  <datafield tag="020" ind1=" " ind2=" ">
    <subfield code="a">9789756319024</subfield>
  </datafield>
  <datafield tag="040" ind1=" " ind2=" ">
    <subfield code="a">Milas</subfield>
    <subfield code="b">tur</subfield>
    <subfield code="c">TR-AnCHP</subfield>
  </datafield>
  <datafield tag="041" ind1=" " ind2=" ">
    <subfield code="a">tur</subfield>
  </datafield>
  <datafield tag="082" ind1=" " ind2=" ">
    <subfield code="a">330.9</subfield>
    <subfield code="b">H51k 2009</subfield>
  </datafield>
  <datafield tag="090" ind1=" " ind2=" ">
    <subfield code="a">330.9 H51k 2009</subfield>
  </datafield>
  <datafield tag="100" ind1=" " ind2=" ">
    <subfield code="a">Hi&#xE7;, M&#xFC;kerrem</subfield>
  </datafield>
  <datafield tag="245" ind1=" " ind2=" ">
    <subfield code="a">K&#xFC;resel ekonomik kriz ve T&#xFC;rkiye</subfield>
    <subfield code="b">K&#xFC;resel finansal kriz, k&#xFC;resel resesyon, ileriki y&#x131;llarda muhtemel geli&#x15F;meler ve krizin T&#xFC;rkiye ekonomisine  etkileri</subfield>
  </datafield>
  <datafield tag="246" ind1=" " ind2=" ">
    <subfield code="a">K&#xFC;resel finansal kriz, k&#xFC;resel resesyon, ileriki y&#x131;llarda muhtemel geli&#x15F;meler ve krizin T&#xFC;rkiye ekonomisine  etkileri</subfield>
  </datafield>
  <datafield tag="260" ind1=" " ind2=" ">
    <subfield code="a">&#x130;stanbul</subfield>
    <subfield code="b">Beykent &#xFC;niversitesi yay&#x131;nevi</subfield>
    <subfield code="c">2009</subfield>
    <subfield code="f">Mega Bas&#x131;m</subfield>
  </datafield>
  <datafield tag="300" ind1=" " ind2=" ">
    <subfield code="a">85 s.</subfield>
    <subfield code="c">23 sm.</subfield>
  </datafield>
  <datafield tag="490" ind1=" " ind2=" ">
    <subfield code="a">Beykent &#xDC;niversitesi yay&#x131;nlar&#x131;</subfield>
    <subfield code="v">62</subfield>
  </datafield>
  <datafield tag="504" ind1=" " ind2=" ">
    <subfield code="a">Kaynak&#xE7;a var.</subfield>
  </datafield>
  <datafield tag="650" ind1=" " ind2=" ">
    <subfield code="a">Ekonomik kriz</subfield>
    <subfield code="z">T&#xFC;rkiye</subfield>
  </datafield>
  <datafield tag="740" ind1=" " ind2=" ">
    <subfield code="a">K&#xFC;resel finansal kriz, k&#xFC;resel resesyon, ileriki y&#x131;llarda muhtemel geli&#x15F;meler ve krizin T&#xFC;rkiye ekonomisine  etkileri</subfield>
  </datafield>
  <datafield tag="942" ind1=" " ind2=" ">
    <subfield code="2">ddc</subfield>
    <subfield code="c">BKS</subfield>
  </datafield>
  <datafield tag="952" ind1=" " ind2=" ">
    <subfield code="a">0001</subfield>
    <subfield code="b">0001</subfield>
    <subfield code="d">2017-01-20</subfield>
    <subfield code="e">2</subfield>
    <subfield code="l">0</subfield>
    <subfield code="o">330.9 H51k 2009</subfield>
    <subfield code="p">012048</subfield>
    <subfield code="r">2017-01-20 00:00:00</subfield>
    <subfield code="v">0.00</subfield>
    <subfield code="w">2017-01-20</subfield>
    <subfield code="y">BKS</subfield>
  </datafield>
  <datafield tag="999" ind1=" " ind2=" ">
    <subfield code="c">2237</subfield>
    <subfield code="d">2237</subfield>
  </datafield>
</record>
